000 00450pab a2200169 454500
008 180718b2011 xxu||||| |||| 00| 0 eng d
100 _aSrivastava, Aman
245 _aAn analysis of cointegration of Indian stock market with global markets
260 _c2011
300 _ap.217-236.
362 _aAug
650 _aFinancial markets - India
650 _aFinancial markets
773 _aAsian Economic Review
908 _aN
909 _a93358
999 _c93358
_d93358